| 000 | 01020nac a2200301 a 4500 | ||
|---|---|---|---|
| 003 | Co-PeBPM | ||
| 005 | 20240618033638.0 | ||
| 008 | 240618b2013 |||ad||| |||| 00| 0 spa d | ||
| 020 | _a9788441533608 | ||
| 040 |
_aCo-PeBPM _bspa _cCo-PeBPM _erda |
||
| 082 | 0 | 4 | _a005.5 D352m |
| 100 | 1 | _aDelgado Cabrera, José María | |
| 245 | 1 | 0 |
_aManual Avanzado de Office 2013 _c/José María Delgado Cabrera |
| 250 | _aPrimera edición | ||
| 260 |
_aMadrid, España; _bAnaya Multimedia; _c2013 |
||
| 300 |
_a414 páginas; _bIlustraciones; Gráficas _c22 cm |
||
| 500 | _aIncluye índice alfabético | ||
| 520 | _aEl Manual Avanzado de Office 2013 está dirigido a todos aquellos usuarios que ya dominan los aspectos básicos de Word, Excel, Access y PowerPoint. | ||
| 650 | 1 | 4 | _aMicrosoft Office |
| 650 | 1 | 4 | _aSeguridad y protección de documentos |
| 650 | 1 | 4 | _aWord |
| 650 | 1 | 4 | _aExcel |
| 650 | 1 | 4 | _aAccess |
| 650 | 1 | 4 | _aPowerPoint |
| 700 | 1 | _aJosé María Delgado Cabrera | |
| 765 | _aspa | ||
| 942 |
_2ddc _cBK _n0 |
||
| 999 |
_c59266 _d59266 |
||